000 00675nam a2200229 a 4500
001 56492
003 BD-RjUL
005 20211209080414.0
008 161129s1950 nyu||||| |||| 001 0 eng d
035 _a(BD-RjUL)56616
040 _aBD-RjUL
_beng
_cBD-RjUL
_dBD-RjUL
041 _aeng
082 _223
_a370.15
_bCOE 1950
100 _aCole, Lawrence E.
_9168005
245 _aEducational psychology /
_cLawrence E Cole, William French Bruce.
260 _aNew York :
_b World Book Co.,
_cc1950.
300 _axv, 768 p. ;
_c22 cm.
500 _aIncludes index
650 _aEducational psychology.
_9168006
700 _a Bruce, William French.
_9168007
942 _2ddc
_cBK
999 _c56492
_d56492